Szczegóły MARC21

Ukryty program szkolnej rzeczywistości /

003 -Nazwa inst., której nr kontr. jest w polu 001 [,]
    • @
    • Nazwa instytucji, której n kontrolny jest w polu 001
    • NUKAT
005 -DATA I CZAS OSTATNIEJ MODYFIKACJI [,]
    • @
    • pole kontrolne
    • 20241231085257.0
020 -Międzynarod. znormalizowany nr książki - ISBN [ , ]
    • a
    • Numer ISBN
    • 8391467163 Find
040 -Instytucja sporządzająca opis [ , ]
    • a
    • Instytucja, która sporządziła opis (NP)
    • LUBL U/ABŁ
    • c
    • Instytucja, która sporządziła rekord (NP)
    • LUBL U/ABŁ
942 -Rodzaj dokumentu [ , ]
    • c
    • Rodzaj dokumentu
    • Książka
100 -Hasło główne - nazwa osobowa [1, ]
    • a
    • Nazwa osobowa (NP)
    • Nowotniak, Justyna.
    • 9
    • KHW
    • 48448
245 -Strefa tytułu i oznaczenia odpowiedzialności [1,0]
    • a
    • Tytuł
    • Ukryty program szkolnej rzeczywistości / Find
    • c
    • Pozostałe elementy strefy tytułu i oznaczenia odpowiedzialności (NP)
    • Justyna Nowotniak.
260 -Strefa adresu wydawniczego [ , ]
    • a
    • Miejsce wydania (P)
    • Szczecin :
    • b
    • Nazwa wydawcy (P)
    • Agencja Wydawnicza "Kwadra",
    • c
    • Data wydania (P)
    • 2002.
300 -Strefa opisu fizycznego [ , ]
    • a
    • Określenie formy książki i/lub objętość (NP)
    • 93, [3] s., [4] s. tabl. :
    • b
    • Oznaczenie ilustracji (NP)
    • il. ;
    • c
    • Format (NP)
    • 24 cm.
336 -Typ zawartości [ , ]
    • a
    • Termin opisujący typ zawartości
    • Tekst
    • b
    • Kod określający zawartość
    • txt
    • 2
    • Źródło (terminu i kodu)
    • rdacontent
337 -Typ mediów [ , ]
    • a
    • Tryb odtwarzania
    • Bez urządzenia pośredniczącego
    • b
    • Kod typu mediów
    • n
    • 2
    • Źródło (terminu i kodu)
    • rdamedia
338 -Typ/rodzaj nośnika [ , ]
    • a
    • Hasło opisujące typ nośnika
    • Wolumin
    • b
    • Kod typu nośnika
    • nc
    • 2
    • Źródło (terminu i kodu)
    • rdacarrier
536 -Uwaga dot. finansowania książki [ , ]
    • a
    • Tekst uwagi
    • Pracę wykonano w ramach projektu badawczego NR 5 H01F 069 20 finansowanego przez Komitet Badań Naukowych w roku 2001
080 -Uniwersalna Klasyfikacja Dziesiętna [ , ]
    • 2
    • Identyfikator wydania tablic
    • UDC-P058
    • a
    • Symbol klasyfikacji
    • 37.015.3
    • b
    • Dopowiedzenie
    • Psychologia pedagogiczna. Psychologia wychowawcza.
080 -Uniwersalna Klasyfikacja Dziesiętna [ , ]
    • 2
    • Identyfikator wydania tablic
    • UDC-P058
    • a
    • Symbol klasyfikacji
    • 37.015:316
    • b
    • Dopowiedzenie
    • Socjologia pedagogiczna. Socjologia wychowania.
650 -Hasło przedmiotowe [ ,7]
    • a
    • Hasło przedmiotowe
    • Edukacja
    • y
    • Określnik chronologiczny
    • 20 w.
    • 2
    • Źródło terminu
    • kaba
    • 9
    • KHW
    • 441660
650 -Hasło przedmiotowe [ ,7]
    • a
    • Hasło przedmiotowe
    • Edukacja
    • x
    • Określnik rzeczowy
    • badania.
    • 2
    • Źródło terminu
    • kaba
    • 9
    • KHW
    • 107198
980 -Symbol UKD [ , ]
    • a
    • UKD
    • 37.015.3:37.015:316
920 -ISBN [ , ]
    • a
    • ISBN
    • 83-914671-6-3 Find
Numer inwentarzowy Status udost. Data inwentaryzacji Lokalizacja
Pd.19601-32008-11-04BG
WM.17391-32015-06-03BG
Pd.1502112002-11-07BG
H.3759512024-04-24BNS